Problems on quantitative genetics

Bibliographic Details
Main Author: FALCONER
Format: Book
Published: London; New York : Longman , 1983
Subjects:

MARC

LEADER 00000cam a2200000 7i4500
001 0000002745
005 20040105.0
020 0 0 |a 0582446791 
090 0 0 |a 576.5   |b FAL 1983 
100 1 0 |a FALCONER   |h D. Sd(Douglas Scott) 
245 1 0 |a Problems on quantitative genetics   |c D. S. Falconer 
260 0 0 |a London; New York :   |b Longman ,   |c 1983 
300 |a 104 p. ;   |c 24 cm. 
650 0 0 |a Quantitative genetics   |x Problems, exercises, etc. 
998 |a JPSM 
999 |a 0000004412   |b Monograph   |c Open Shelf   |e Default branch